| 000 | 01016nam a2200241 a 4500 | ||
|---|---|---|---|
| 001 | 17325329 | ||
| 008 | 161109s2013 ||||||||||||||||| || u | ||
| 010 | _a2012940965 | ||
| 020 | _a9781446258156 | ||
| 050 | _aBF 323.S63 Fis | ||
| 100 | _aTaylor, Shelley E | ||
| 245 | 1 | 0 |
_aSocial Cognition : from brains to culture. (2nd ed.) _cSusan T. Fiske and Shelley E. Taylor. |
| 250 | _a2nd ed. | ||
| 260 |
_aLos Angeles _bSAGE Publications _c2013 |
||
| 300 | _axi, 580 p. : ill. | ||
| 350 | _a67.00 | ||
| 500 | _aIncludes bibliographical references (pages 463-567) and index. | ||
| 650 | 0 | _aSocial perception | |
| 650 | 0 | _aCOGNITIVE NEUROSCIENCE | |
| 700 | _aFiske, Susan T | ||
| 995 |
_aMAIN LIBRARY OPEN ACCESS _e747190 _FCBU-MAIN LIBRARY (Kitwe) _I67.00 _jBF 323.S63 Fis _M2 _UAVAILABLE _WNov 9, 2016 _y747190 _ZMain Library Open Access Collection |
||
| 995 |
_aMAIN LIBRARY OPEN ACCESS _D67.00 _e747189 _FCBU-MAIN LIBRARY (Kitwe) _jBF 323.S63 Fis _M1 _UAVAILABLE _WNov 9, 2016 _y747189 _ZMain Library Open Access Collection |
||
| 999 |
_c76571 _d76571 |
||